Paroles : Je dis aime -M- Matthieu Chedid - Statistiques

Statistiques générales
  • Ce quiz a été pris 46 fois
  • Le résultat moyen est 119 sur 162
Statistiques - réponses
Réponse % Correct
M
100%
Aime
97%
AIME,
97%
AIME
97%
AIME...
97%
Je
97%
je
97%
dis
94%
La
94%
la
94%
Et
88%
haine
88%
ma
88%
le
84%
un
81%
Comme
78%
emblème
78%
jette
78%
Pour
72%
pour
72%
Sur
72%
sème
69%
J'ai
63%
les
63%
planète
59%
dans
53%
Dans
53%
mes
53%
dedans
50%
dehors
50%
Du
50%
du
50%
l'après
50%
l'avant
50%
mon
50%
maussade
41%
sans
41%
Seine
38%
veines
38%
artères
34%
au
34%
cœur
34%
coule
34%
miroir
34%
mobile
34%
nomades
34%
Tantôt
34%
tranquille
34%
bousculade
31%
fil
28%
Paris
28%
méninges
25%
moissonne
25%
Nil
22%
Sphinx
19%
rimeur
16%
Aucun quiz correspondant
Distribution des résultats
% des personnes avec chaque résultat
Percentile par nombre de réponses
Votre historique - résultats
Vous n’avez pas pris ce quiz